Využitie metódy EVA pri hodnotení efektívnosti inovačného projektu

Hodnotenie efektívnosti inovačného projektu, metódy hodnotenia. Metóda ekonomickej pridanej hodnoty. Metódy výpočtu ukazovateľa EVA. Metóda Capital Charge verzus metóda Value Spread. Priemerné náklady kapitálu a náklady vlastného imania. Prednosti a úskalia metódy EVA.

Enregistré dans:
Détails bibliographiques
Auteur principal: Závarská, Zuzana
Format: Chapitre de livre
Langue:slovaque
Sujets:
Tags: Ajouter un tag
Pas de tags, Soyez le premier à ajouter un tag!

MARC

LEADER 00000nla$a2200000$$$4500
001 0078439
005 20240502123349.3
041 0 |a slo 
044 |a CZ 
245 1 0 |a Využitie metódy EVA pri hodnotení efektívnosti inovačného projektu  |c Zuzana Závarská 
520 |a Hodnotenie efektívnosti inovačného projektu, metódy hodnotenia. Metóda ekonomickej pridanej hodnoty. Metódy výpočtu ukazovateľa EVA. Metóda Capital Charge verzus metóda Value Spread. Priemerné náklady kapitálu a náklady vlastného imania. Prednosti a úskalia metódy EVA. 
610 2 0 |a inovácia 
610 2 0 |a projekty 
610 2 0 |a efektívnosť inovácií 
610 2 0 |a metódy 
610 2 0 |a hodnota pridaná ekonomická 
610 2 0 |a ukazovateľ EVA 
100 1 |a Závarská, Zuzana